<?xml version="1.0" encoding="UTF-8"?>
<record
    xmlns:xsi="http://www.w3.org/2001/XMLSchema-instance"
    xsi:schemaLocation="http://www.loc.gov/MARC21/slim http://www.loc.gov/standards/marcxml/schema/MARC21slim.xsd"
    xmlns="http://www.loc.gov/MARC21/slim">

  <leader>00622nam a22001937a 4500</leader>
  <datafield tag="999" ind1=" " ind2=" ">
    <subfield code="c">178883</subfield>
    <subfield code="d">178883</subfield>
  </datafield>
  <controlfield tag="005">20210422163047.0</controlfield>
  <datafield tag="010" ind1=" " ind2=" ">
    <subfield code="a">UR-11096</subfield>
  </datafield>
  <datafield tag="020" ind1=" " ind2=" ">
    <subfield code="c">150.00</subfield>
    <subfield code="a">9788194411123</subfield>
  </datafield>
  <datafield tag="035" ind1=" " ind2=" ">
    <subfield code="a">U-9651</subfield>
  </datafield>
  <datafield tag="037" ind1=" " ind2=" ">
    <subfield code="b">DBAD/PUB</subfield>
  </datafield>
  <datafield tag="082" ind1=" " ind2=" ">
    <subfield code="a">&#x6A9;</subfield>
  </datafield>
  <datafield tag="100" ind1=" " ind2=" ">
    <subfield code="a">&#x641;&#x627; &#x631; &#x648; &#x642; &#x631; &#x627; &#x6C1;&#x628;</subfield>
  </datafield>
  <datafield tag="245" ind1=" " ind2=" ">
    <subfield code="a">&#x644;&#x627; &#x645;&#x62D;&#x633;&#x648; &#x633; : &#x627; &#x641;&#x633;&#x627; &#x646;&#x648; &#x6BA; &#x6A9;&#x627; &#x633;&#x627; &#x62A;&#x648; &#x627; &#x6BA; &#x645;&#x62C;&#x645;&#x648; &#x639;&#x6C1; </subfield>
    <subfield code="c">&#x641;&#x627; &#x631; &#x648; &#x642; &#x631; &#x627; &#x6C1;&#x628;</subfield>
  </datafield>
  <datafield tag="246" ind1=" " ind2=" ">
    <subfield code="a">Laa Mehsoos (Urdu)</subfield>
    <subfield code="b">by Farooq Rahib </subfield>
  </datafield>
  <datafield tag="260" ind1=" " ind2=" ">
    <subfield code="a">N.D.</subfield>
    <subfield code="c">2020 &#x621;</subfield>
    <subfield code="b">Applied Books</subfield>
  </datafield>
  <datafield tag="270" ind1=" " ind2=" ">
    <subfield code="a">1739/104, Darya Ganj Patoudi house </subfield>
    <subfield code="b">N Delhi</subfield>
    <subfield code="e">110002</subfield>
    <subfield code="l">-</subfield>
  </datafield>
  <datafield tag="300" ind1=" " ind2=" ">
    <subfield code="a">116 &#x635; </subfield>
    <subfield code="c">22 Cm(Hb)</subfield>
  </datafield>
  <datafield tag="942" ind1=" " ind2=" ">
    <subfield code="2">ddc</subfield>
    <subfield code="c">UR</subfield>
    <subfield code="h">&#x6A9; </subfield>
    <subfield code="m">&#x641; &#x627; &#x631;  </subfield>
  </datafield>
  <datafield tag="952" ind1=" " ind2=" ">
    <subfield code="0">0</subfield>
    <subfield code="1">0</subfield>
    <subfield code="4">0</subfield>
    <subfield code="7">0</subfield>
    <subfield code="8">FIC</subfield>
    <subfield code="a">DBAD</subfield>
    <subfield code="b">L</subfield>
    <subfield code="d">2021-04-22</subfield>
    <subfield code="e">DBAD/PUB</subfield>
    <subfield code="g">150.00</subfield>
    <subfield code="l">0</subfield>
    <subfield code="o">&#x6A9;  &#x641; &#x627; &#x631;</subfield>
    <subfield code="p">U-9651</subfield>
    <subfield code="r">2021-04-22 00:00:00</subfield>
    <subfield code="t">1</subfield>
    <subfield code="v">150.00</subfield>
    <subfield code="w">2021-04-22</subfield>
    <subfield code="y">UR</subfield>
  </datafield>
</record>
